The annual broll property report (Record no. 83826)

MARC details
000 -LEADER
fixed length control field 01068cad a22002535a 4500
001 - CONTROL NUMBER
control field L155140
008 - FIXED-LENGTH DATA ELEMENTS--GENERAL INFORMATION
fixed length control field 120306s2012 xxk 000 0 eng d
035 ## - SYSTEM CONTROL NUMBER
System control number (Sirsi) u155140
041 0# - LANGUAGE CODE
Language code of text/sound track or separate title eng
110 2# - MAIN ENTRY--CORPORATE NAME
Corporate name or jurisdiction name as entry element Broll
9 (RLIN) 6026
245 04 - TITLE STATEMENT
Title The annual broll property report
Remainder of title the retail, office and industrial property markets
260 ## - PUBLICATION, DISTRIBUTION, ETC.
Place of publication, distribution, etc. [S.I]
Name of publisher, distributor, etc. Broll
Date of publication, distribution, etc. 2012
490 #0 - SERIES STATEMENT
Series statement Broll Annual Property Report
Volume/sequential designation 2011
520 ## - SUMMARY, ETC.
Summary, etc. Provides a comprehensive status report on the South African commercial property market including sectoral analysis for retail, office and industrial property. Of particular interest is the additional Sub-Saharan African property market overview covering Nigeria, Ghana, Malawi and Namibia.
590 ## - LOCAL NOTE (RLIN)
Local note KA NTK
651 #4 - SUBJECT ADDED ENTRY--GEOGRAPHIC NAME
Geographic name South Africa
651 #4 - SUBJECT ADDED ENTRY--GEOGRAPHIC NAME
Geographic name Nigeria
651 #4 - SUBJECT ADDED ENTRY--GEOGRAPHIC NAME
Geographic name Ghana
651 #4 - SUBJECT ADDED ENTRY--GEOGRAPHIC NAME
Geographic name Malawi
651 #4 - SUBJECT ADDED ENTRY--GEOGRAPHIC NAME
Geographic name Namibia
690 ## - LOCAL SUBJECT ADDED ENTRY--TOPICAL TERM (OCLC, RLIN)
Topical term or geographic name as entry element Commercial property
9 (RLIN) 6227
856 40 - ELECTRONIC LOCATION AND ACCESS
Uniform Resource Identifier <a href="https://www.cbre.co.uk/portal/page/portal/emea_en/research">https://www.cbre.co.uk/portal/page/portal/emea_en/research</a>
Public note View the report (type Broll in the keyword box and click on search) at www.cbre.co.uk
942 ## - ADDED ENTRY ELEMENTS (KOHA)
Suppress in OPAC 0
Holdings
Withdrawn status Lost status Source of classification or shelving scheme Damaged status Not for loan Home library Current library Shelving location Date acquired Total Checkouts Full call number Barcode Date last seen Copy number Price effective from Koha item type
    Dewey Decimal Classification     Virtual Virtual Online 06/03/2012   ONLINE PUBLICATION 155140-2001 06/08/2019 1 06/08/2019 Book